Código Civil de la República Argentina (Registro nro. 1486)

Detalles MARC
000 -LEADER
fixed length control field 00839 a2200217 4500
001 - CONTROL NUMBER
control field 26684
005 - DATE AND TIME OF LATEST TRANSACTION
control field 20260407155545.0
008 - FIXED-LENGTH DATA ELEMENTS--GENERAL INFORMATION
fixed length control field 260407a1998 arg spa d
003 - CONTROL NUMBER IDENTIFIER
control field AR-UNSa-BCEJYS
040 ## - CATALOGING SOURCE
Original cataloging agency AR-UNSa-BCEJYS
Language of cataloging spa
Transcribing agency AR-UNSa-BCEJYS
080 ## - UNIVERSAL DECIMAL CLASSIFICATION NUMBER
Universal Decimal Classification number 347(094.4)
Common auxiliary subdivision Código Civil
020 ## - INTERNATIONAL STANDARD BOOK NUMBER
International Standard Book Number 950-20-1126-0
100 1# - MAIN ENTRY--PERSONAL NAME
Personal name Argentina [Código Civil]
245 10 - TITLE STATEMENT
Title Código Civil de la República Argentina
Name of part/section of a work y legislación complementaria
250 ## - EDITION STATEMENT
Edition statement 39a. ed.
264 #1 - PRODUCTION, PUBLICATION, DISTRIBUTION, MANUFACTURE, AND COPYRIGHT NOTICE
Place of production, publication, distribution, manufacture Buenos Aires :
Name of producer, publisher, distributor, manufacturer Abeledo Perrot
Date of production, publication, distribution, manufacture, or copyright notice 1998
300 ## - PHYSICAL DESCRIPTION
Extent 1295 p.
505 ## - FORMATTED CONTENTS NOTE
Formatted contents note 1. Títulos preliminares - Libro 1: De las personas - Libro 2: De los derechos personales en las relaciones civiles - Libro 3: De los derechos reales - Libro 4: De los derchos reales y personales. Disposiciones comunes.
590 ## - LOCAL NOTE (RLIN)
Local note niveau_biblio:m niveau_hierar:0
942 ## - ADDED ENTRY ELEMENTS (KOHA)
Koha item type
Existencias
Withdrawn status Lost status Damaged status Not for loan Home library Current library Shelving location Date acquired Total checkouts Full call number Barcode Date last seen Price effective from Koha item type
        Biblioteca Prof. Eusebio Cleto del Rey Biblioteca Prof. Eusebio Cleto del Rey   07/04/2026   347(094.4) A691p/98 L69976 07/04/2026 07/04/2026 Libro
        Biblioteca Prof. Eusebio Cleto del Rey Biblioteca Prof. Eusebio Cleto del Rey   07/04/2026   347(094.4) A691p/98 L69978 07/04/2026 07/04/2026 Libro